000 00974nam a22003014a 4500
005 20180605153056.0
008 020712s2003 enka 001 0 eng
010 _aENG-92106
020 _a9788120335950
_c325.00
035 _aEN-75639, B-126407
037 _bDBAD / PUB
040 _adpl
_bEnglish
082 _a572.80285
100 _aRastogi, S.C.
245 _aBioinformatics methods and applications:
_cby S.C. Rastogi, Namita Mendiratta [and] Parag Rastogi
_bgenomics, proteomics and drug, discovery /
250 _a3rd ed
260 _aNew Delhi
_bPHI Learning
_c2008
300 _axvi, 524p.:
_c25 cm (pbk)
_bill.
500 _aIncludes glossary, bibliographical references and index
650 _aBioinformatics
650 _aGenomics
650 _aProteomics
650 _aDrug development
650 _aDrug Design
700 _aMendiratta, Namita
700 _aRastogi, Parag
942 _2ddc
_cEN
_mRAS
_h572.80285
999 _c19649
_d19649